000 00903nam a2200241 a 4500
005 20191224041701.0
008 140310b1999 ne ||||| |||| 00| 0 eng d
040 _aCO-BoIAVH
_cCO-BoIAVH
041 _aeng
082 _a633.82
_bC39s
110 2 _918289
_aCentre for the Promotion of Imports from Developing Countries (CBI)
_bCentre for the Promotion of Imports from Developing Countries, CBI
245 1 _aSpices and herbs
_ba survey of The Netherlands and other major markets in the European Union
260 _aRotterdam
_bCBI
_c1999
300 _a146 paginas.
_bilustraciones.;
_c21 x 15 cm.
650 4 _aComercio internacional
_94456
650 4 _aHierbas aromáticas
_918872
650 4 _aPlantas aromáticas
_92208
650 4 _aMercadeo
_952888
650 4 _aUnión Europea
_94258
650 4 _aLegislación ambiental
_952889
650 4 _aCertificación ambiental
_94417
942 _cLIBRO
_2ddc
999 _c3189
_d3189